000 00514nam a2200181Ia 4500
999 _c26897
_d26897
003 OSt
005 20201204122936.0
008 190216s9999||||xx |||||||||||||| ||und||
020 _a8171801048
040 _coclc
082 _a894.8123
_bRAD/U
100 _aRadhakrishnan, C
_96488
245 0 _aUlpirivukal /
_cC Radhakrishnan
260 _bPoorna Publications,
_c1990.
_a Kozhikode:
300 _a125p
650 _aMalayalam Novel
942 _cBK
_2ddc
_h894.8123
_iRAD/U
_k894.8123
_mRAD/U